| 000 | 00756nam a2200229 u 4500 | ||
|---|---|---|---|
| 999 |
_c7758 _d7758 |
||
| 001 | 991060996476306706 | ||
| 003 | OSt | ||
| 005 | 20230719124714.0 | ||
| 008 | 230622s2021 xx r 000 0 cat d | ||
| 020 | _a9788419332349 | ||
| 040 |
_bcat _cCDMR |
||
| 100 | 1 | _aKeefe, Patrick Radden, | |
| 245 | 1 | 0 |
_aCanalles : _bhistòries verídiques sobre estafadors, assassins, rebels i malfactors / _cPatrick Radden Keefe ; traducció de Ricard Gil |
| 260 |
_aBarcelona : _bEdicions del Periscopi _c2023 |
||
| 300 | a |
_a489 pàgines ; _c21 cm |
|
| 490 | 1 |
_aAstrolabi ; _v11 |
|
| 505 | _aArticles publicats originalment a la revista "The New Yorker" | ||
| 830 | 0 |
_aAstrolabi (Edicions del Periscopi) ; _v11 |
|
| 908 | _aURL | ||
| 940 | _aURL | ||
| 942 |
_2udc _cMON |
||